| 000 | 00691nam a2200253 a 4500 | ||
|---|---|---|---|
| 008 | |||
| 020 | _a0723610703 (pbk.) | ||
| 049 | _aMAIN | ||
| 050 | 1 | 0 |
_aRK361 _bMAN |
| 100 | 1 |
_aManson, J. D. _q(Julius David) |
|
| 245 | 1 | 0 |
_aOutline of periodontics / _cJ. D. Manson and B.M. Eley. |
| 250 | _a4th ed. | ||
| 260 |
_aOxford : _bWright, _c20000. |
||
| 300 |
_a405 p. : _bill. ; _c28 cm. |
||
| 440 | 1 | _aDentistry. | |
| 500 | _aIncludes index. | ||
| 504 | _aIncludes bibliographical references. | ||
| 700 | 1 | 0 | _aEley, B. M. |
| 907 |
_a.b10155351 _b17-03-09 _c28-02-05 |
||
| 003 | |||
| 005 | 20230120203847.0 | ||
| 040 | _cNUST | ||
| 942 | _cBOOKS | ||
| 999 |
_c112759 _d112759 |
||